| 000 | 00476nam a2200181Ia 4500 | ||
|---|---|---|---|
| 003 | GCL | ||
| 008 | 140319s9999 xx 000 0 eng d | ||
| 040 |
_aGCL / _cGCL |
||
| 082 | 0 | 4 |
_a704 _bM A |
| 100 | 1 | _aMORGAN, ROBERT C | |
| 245 | 1 | 0 |
_aART INTO IDEAS: ESSAYS ON CONCEPTUAL ART / _cMORGAN, ROBERT C |
| 260 |
_a[S.N] : _bCAMBRIDGE UNIVERSITY PRESS ، _c1996 |
||
| 300 | _a218 P | ||
| 650 | 0 | 4 | _aARTS |
| 650 | 0 | 4 | _aMODERN ART |
| 650 | 0 | 4 | _aCONCEPTUAL ART |
| 942 |
_2ddc _cBK |
||
| 999 |
_c13938 _d13938 |
||